Statistics for F1 Drivers by Picture (2001-2010)

Click here to take the quiz!

General Stats

  • This quiz has been taken 73 times
  • The average score is 15 of 20

Answer Stats

Answer% Correct
Lewis Hamilton
98%
Michael Schumacher
98%
Fernando Alonso
97%
Sebastian Vettel
95%
Kimi Räikkönen
91%
Jenson Button
88%
Nico Rosberg
88%
Mark Webber
86%
Rubens Barrichello
83%
David Coulthard
81%
Felipe Massa
81%
Robert Kubica
80%
Juan Pablo Montoya
73%
Heikki Kovalainen
56%
Jarno Trulli
55%
Takuma Sato
55%
Giancarlo Fisichella
52%
Nick Heidfeld
48%
Adrian Sutil
47%
Pedro de la Rosa
25%

Score Distribution

Percentile by Number Answered

Percent of People with Each Score

Your Score History

You have not taken this quiz